Water management and environmental protection in Asia and the Pacific / (Record no. 158851)
[ view plain ]
| 000 -LEADER | |
|---|---|
| fixed length control field | 01600cam3a220031301 4500 |
| 001 - CONTROL NUMBER | |
| control field | lce01790973 |
| 008 - FIXED-LENGTH DATA ELEMENTS--GENERAL INFORMATION | |
| fixed length control field | 850131s1983 ja a b f001 0 eng |
| 010 ## - LIBRARY OF CONGRESS CONTROL NUMBER | |
| LC control number | 84164800 |
| 020 ## - INTERNATIONAL STANDARD BOOK NUMBER | |
| Terms of availability | Y5000 |
| 035 ## - SYSTEM CONTROL NUMBER | |
| System control number | (Sirsi) r59569 |
| 035 ## - SYSTEM CONTROL NUMBER | |
| System control number | (DLC) 84164800 |
| 035 ## - SYSTEM CONTROL NUMBER | |
| System control number | (UPRA)lce01790973 |
| 040 ## - CATALOGING SOURCE | |
| Modifying agency | UPRA |
| 043 ## - GEOGRAPHIC AREA CODE | |
| Geographic area code | a-ja--- as----- n-us--- |
| -- | a-ja--- as----- n-us--- |
| -- | a-ja--- as----- n-us--- |
| 050 0# - LIBRARY OF CONGRESS CALL NUMBER | |
| Classification number | TD313.S6 |
| Item number | W28 1983 |
| 082 0# - DEWEY DECIMAL CLASSIFICATION NUMBER | |
| Classification number | 363.7/394/095 |
| Edition number | 19 |
| 245 00 - TITLE STATEMENT | |
| Title | Water management and environmental protection in Asia and the Pacific / |
| Statement of responsibility, etc. | edited by Ichiro Kato ... [et al.]. |
| 260 ## - PUBLICATION, DISTRIBUTION, ETC. | |
| Place of publication, distribution, etc. | [Tokyo] : |
| Name of publisher, distributor, etc. | University of Tokyo Press, |
| Date of publication, distribution, etc. | c1983. |
| 504 ## - BIBLIOGRAPHY, ETC. NOTE | |
| Bibliography, etc. note | Includes bibliographies and index. |
| 650 #0 - SUBJECT ADDED ENTRY--TOPICAL TERM | |
| Topical term or geographic name entry element | Water -- Pollution -- Asia, Southeastern. |
| General subdivision | Water -- Pollution -- Asia, Southeastern. |
| Geographic subdivision | Water -- Pollution -- Asia, Southeastern. |
| Linkage | S13615.1 |
| 650 #0 - SUBJECT ADDED ENTRY--TOPICAL TERM | |
| Topical term or geographic name entry element | Water -- Pollution -- Japan. |
| General subdivision | Water -- Pollution -- Japan. |
| Geographic subdivision | Water -- Pollution -- Japan. |
| Linkage | S13616.1 |
| 650 #0 - SUBJECT ADDED ENTRY--TOPICAL TERM | |
| Topical term or geographic name entry element | Water -- Pollution -- United States. |
| General subdivision | Water -- Pollution -- United States. |
| Geographic subdivision | Water -- Pollution -- United States. |
| Linkage | S13563.1 |
| 650 #0 - SUBJECT ADDED ENTRY--TOPICAL TERM | |
| Topical term or geographic name entry element | Environmental protection -- Asia, Southeastern. |
| Geographic subdivision | Environmental protection -- Asia, Southeastern. |
| Linkage | S13617.1 |
| 650 #0 - SUBJECT ADDED ENTRY--TOPICAL TERM | |
| Topical term or geographic name entry element | Environmental protection -- Japan. |
| Geographic subdivision | Environmental protection -- Japan. |
| Linkage | S13618.1 |
| 650 #0 - SUBJECT ADDED ENTRY--TOPICAL TERM | |
| Topical term or geographic name entry element | Environmental protection -- United States. |
| Geographic subdivision | Environmental protection -- United States. |
| Linkage | S13619.1 |
| 700 1# - ADDED ENTRY--PERSONAL NAME | |
| Personal name | Kato, Ichiro, 1922- |
| Dates associated with a name | Kato, Ichiro, 1922- |
| Linkage | A18918.1 |
| 949 ## - LOCAL PROCESSING INFORMATION (OCLC) | |
| a | TD313.S6 |
| w | lcc |
| i | 33729001895445 |
| m | MAIN |
| p | 2500 |
| t | BOOK |
| l | ON-SHELF |
No items available.